Vật liệu xây dựng
Trình bày những cơ sở của vật liệu học xây dựng: Tính chất và khái niệm của vật liệu xây dựng; Các vật liệu và sản phẩm xây dựng
Guardado en:
| Autor principal: | |
|---|---|
| Formato: | Libro |
| Lenguaje: | Undetermined |
| Publicado: |
Hà Nội
Giáo dục
2005
|
| Materias: | |
| Etiquetas: |
Agregar Etiqueta
Sin Etiquetas, Sea el primero en etiquetar este registro!
|
| Thư viện lưu trữ: | Trung tâm Học liệu Trường Đại học Cần Thơ |
|---|
| LEADER | 00782nam a2200205Ia 4500 | ||
|---|---|---|---|
| 001 | CTU_96629 | ||
| 008 | 210402s9999 xx 000 0 und d | ||
| 020 | |c 17800 | ||
| 082 | |a 691 | ||
| 082 | |b L550 | ||
| 100 | |a Phùng, Văn Lự | ||
| 245 | 0 | |a Vật liệu xây dựng | |
| 245 | 0 | |c Phùng Văn Lự, Phạm Duy Hữu, Phan Khắc Trí | |
| 260 | |a Hà Nội | ||
| 260 | |b Giáo dục | ||
| 260 | |c 2005 | ||
| 520 | |a Trình bày những cơ sở của vật liệu học xây dựng: Tính chất và khái niệm của vật liệu xây dựng; Các vật liệu và sản phẩm xây dựng | ||
| 650 | |a Building materials | ||
| 904 | |i Tuyến | ||
| 980 | |a Trung tâm Học liệu Trường Đại học Cần Thơ | ||